Guidelines For The New Issue Of Securities And The Valuation Of Public Limited Companies

Bibliographic Details
Format: Book
Published: Kuala Lumpur : Ministry Of Finance , 1991
Edition:5th ed.
Subjects:

MARC

LEADER 00000cam a2200000 7i4500
001 0000016145
005 20060126.0
040 |a INS 
090 0 0 |a KK123 
245 1 0 |a Guidelines For The New Issue Of Securities And The Valuation Of Public Limited Companies   |c Ministry Of Finance Malaysia 
250 |a 5th ed. 
260 |a Kuala Lumpur :   |b Ministry Of Finance ,   |c 1991 
300 |a 52p. ;   |c 30cm. 
650 0 0 |a Corporations   |x Valuation 
999 |a KK00000002   |b BOOK   |c Course Notes   |e Default branch